| 000 | 01626nam a2200409Ii 4500 | ||
|---|---|---|---|
| 001 | DIGUCLA0070 | ||
| 003 | NyNyDIG | ||
| 006 | m o d | ||
| 007 | cr ||||||||||| | ||
| 008 | 240701s2014 ck ob 000 0 spa d | ||
| 035 | _a(OCoLC)1443711724 | ||
| 040 |
_aDGITA _beng _erda _epn _cDGITA |
||
| 020 |
_a9789588399737 _qeBook |
||
| 050 | 1 | 4 | _aLB1033.5 ebook |
| 245 | 0 | 0 |
_aInvestigación en comunicación-educación y publicidad, 2013-2014 : _bseminario internacional / _ccompilador, Gabriel Lotero-Echeverri ; autores, J. Ignacio Aguaded-Gómez [and 8 others]. |
| 264 | 1 |
_aMedellín, Antioquia, Colombia : _bUniversidad Católica Luis Amigó, _c[2014] |
|
| 300 | _a1 online resource. | ||
| 336 |
_atext _btxt _2rdacontent |
||
| 337 |
_acomputer _bc _2rdamedia |
||
| 338 |
_aonline resource _bcr _2rdacarrier |
||
| 347 |
_atext file _2rdaft |
||
| 347 | _bPDF | ||
| 504 | _aIncludes bibliographical references. | ||
| 588 | 0 | _aOnline resource; title from PDF title page (Digitalia, viewed July 1, 2024) | |
| 650 | 0 | _aCommunication in education. | |
| 650 | 0 |
_aMass media _xStudy and teaching. |
|
| 650 | 0 |
_aOrganizational change _xManagement. |
|
| 650 | 0 | _aDigital media. | |
| 650 | 0 |
_aJournalism _xStudy and teaching. |
|
| 700 | 1 |
_aLotero-Echeverri, Gabriel, _eeditor. |
|
| 700 | 1 |
_aAguaded Gómez, J. Ignacio _q(José Ignacio), _eauthor. |
|
| 791 | 2 |
_aDigitalia (Firm), _edistributor. |
|
| 793 | 0 |
_gDigitalia eBook Collection: _aUniversidad Católica Luis Amigó |
|
| 856 | 4 | 0 |
_3Digitalia Hispánica _uhttps://www.digitaliapublishing.com/a/155296/ |
| 910 | _aPremium collection: 2024 | ||
| 942 | _cRAA | ||
| 999 |
_c285794 _d285794 |
||